| 000 | 00587nam a2200229Ia 4500 | ||
|---|---|---|---|
| 003 | OSt | ||
| 005 | 20220218120732.0 | ||
| 008 | 210210b1954 xxu||||| |||| 00| 0 eng d | ||
| 040 |
_aAL _c |
||
| 041 | _aEnglish | ||
| 082 | _a543/176 | ||
| 100 |
_aPRAKASH (Satya):TULI (G D):BASU (S K) _920862 |
||
| 245 | _aAdvanced inorganic chemistry | ||
| 260 |
_aDelhi _bS. Chand & Co. Ltd. _c1954 |
||
| 300 | _a678 | ||
| 650 |
_ainorganic _920863 |
||
| 650 |
_achemistry _920864 |
||
| 650 |
_aAdvanced _920865 |
||
| 690 |
_aInorganic Chemistry _920866 |
||
| 906 | _a009579 | ||
| 942 |
_2ddc _cBK |
||
| 999 |
_c127038 _d127038 |
||